000 00468nam a2200169Ia 4500
008 230524s9999 xx 000 0 und d
082 _bNAY
100 _aK.C.Nayak
_941957
245 0 _aOrganisational Behaviour: Expected Question Answers for B.Tech & MBA
250 _a1
260 _aBBSR
_bLaxmi Prakashans
_c2010
300 _a314p;
500 _aQuantity Number: 1
650 _aOrganisational Behaviour
700 _a B.K.S.S Pattnaik
_941958
942 _cBK
999 _c56373
_d56373